Second Generation Pokemon-Sudden Death - Statistics

General Stats
  • This quiz has been taken 22 times
  • The average score is 12 of 15
Answers on the Grid
Answers color-coded by a green-red scale on the quiz's grid according to % correct below.
Chikorita
Pichu
Magneton
Aipom
Ambipom
Sneasel
Heracross
Zigzagoon
Chansey
Blissey
Hoothoot
Spinarak
Kabuto
Porygon
Misdreavus
Porygon2
Sinistea
Pikipek
Pineco
Golbat
Bellsprout
Lunatone
Kingdra
Corsola
Hitmonchan
Hitmontop
Graveler
Snorlax
Bellossom
Vileplume
 
Answer Stats
Answer % Correct
Chikorita
95%
Hoothoot
95%
Aipom
85%
Heracross
85%
Hitmontop
85%
Pichu
85%
Sneasel
85%
Blissey
80%
Kingdra
80%
Pineco
80%
Porygon2
80%
Bellossom
75%
Corsola
75%
Spinarak
75%
Misdreavus
70%
No matching quizzes found
Score Distribution
Percent of People with Each Score
Percentile by Number Answered
Your Score History
You have not taken this quiz